Word Ladder: Food Containers Quiz Stats

 Plays Quiz Updated Jan 25, 2013

Support Sporcle.
Go Orange.
Score 0/18 Timer 02:00
0 Plays Today
Clue 3-Letter Word % Correct
WWE's Monday showRAW
95.1%
Opposite of highLOW
94.8%
Small bearCUB
93.3%
Crow soundCAW
91.3%
A bill after the president signs itLAW
91.1%
The part of the ear that holds kernelsCOB
88%
Margarine containerTUB
86.9%
Domesticated bovineCOW
86.5%
Computer key or soda brandTAB
78.2%
Clue 3-Letter Word % Correct
Be a part of the crew?ROW
76.8%
PrisonerCON
75.2%
Metal containerCAN
73.3%
Marble for shootingTAW
71.3%
Metal containerTIN
69.1%
A land parcel to sellLOT
65.1%
Family relationsKIN
64.8%
A set of toolsKIT
57.7%
Sloshed or toastedLIT
52.5%

Today's Daily Dose

You're not logged in!

Compare scores with friends on all Sporcle quizzes.
OR
Log In

From the Vault

Name That Musician II

by Derek

Half way through this quiz, don't be too shocked if Kanye West interrupts you and starts shouting about a Beyoncé video.
Remove Ads.
Support Sporcle.
Get the best of Sporcle when you Go Orange. This ad-free experience offers more features, more stats, and more fun while also helping to support Sporcle. Thank you for becoming a member.

Show Comments

Extras

Top Quizzes Today


Score Distribution

Your Account Isn't Verified!

In order to create a playlist on Sporcle, you need to verify the email address you used during registration. Go to your Sporcle Settings to finish the process.

Report this User

Report this user for behavior that violates our Community Guidelines.

Details: